Antología del teatro costarricense 1890-1950

Gespeichert in:
Bibliographische Detailangaben
1. Verfasser: Quesada, Alvaro
Format: Buch
Sprache:Undetermined
Veröffentlicht: San José, Costa Rica Editorial de la Universidad de Costa Rica 1993
Schlagworte:
Tags: Tag hinzufügen
Keine Tags, Fügen Sie den ersten Tag hinzu!

MARC

LEADER 00000nam a2200000Ia 4500
008 170316s9999 xx 000 0 und d
090 |a 792 Q-1a 
100 |a Quesada, Alvaro 
245 |a Antología del teatro costarricense 1890-1950 
260 |a San José, Costa Rica 
260 |b Editorial de la Universidad de Costa Rica 
260 |c 1993 
300 |a 477 páginas 
650 |a TEATRO 
999 |c 19786  |d 19786 
040 |a cru BVZT 
942 |c 15 D  |h 792 Q-1a  |2 z